Archeologický slovník. 1, Kamenné artefakty /

Uložené v:
Podrobná bibliografia
Hlavní autori: Sklenář, Karel, 1938- (Author), Hartl, Jiří, 1942- (Author)
Médium: Kniha
Jazyk:Czech
Vydané: Praha : Národní muzeum, 1989
Vydanie:1. vyd.
Témy:
ISBN: (brož.)
Fyzický popis: 69 s.
Tagy: Pridať tag
Žiadne tagy, Buďte prvý kto otaguje tento záznam!

MARC

LEADER 00000nam a2200000 a 4500
001 000213421
005 20060906074143.0
008 060420s1989 xr e 000 0 czeo
020 |a (brož.) 
040 |a SVKKK  |b slo  |c SVKKK  |e AACR2 
041 0 |a cze 
044 |a xr  |c CZ 
100 1 |a Sklenář, Karel,  |d 1938-  |4 aut 
245 1 0 |a Archeologický slovník.  |n 1,  |p Kamenné artefakty /  |c Karel Sklenář, Jiří Hartl 
246 3 0 |a Kamenné artefakty 
250 |a 1. vyd. 
260 |a Praha :  |b Národní muzeum,  |c 1989 
300 |a 69 s. 
655 7 |a encyklopédie  |2 SVKKKPH 
700 1 |a Hartl, Jiří,  |d 1942-  |4 aut 
998 |a BK 
090 |g SCKHL  |k Sklad Pribinova 3. posch.  |a V.172151  |j 812631  |i 2720113773  |s Povinný výt.